The biological time bomb
Guardat en:
| Autor principal: | |
|---|---|
| Format: | Llibre |
| Idioma: | anglès |
| Publicat: |
Cleveland
The New American Library
1968
Cleveland The World Publishing Company 1968 |
| Matèries: | |
| Etiquetes: |
Afegir etiqueta
Sense etiquetes, Sigues el primer a etiquetar aquest registre!
|
MARC
| LEADER | 00000nam a2200000 a 4500 | ||
|---|---|---|---|
| 001 | UCT2067 | ||
| 003 | CL-VaPUC | ||
| 008 | 961004e19680000us |||||||||||||||||eng|d | ||
| 082 | 0 | 4 | |a 599.935 |b TAY |2 21 |
| 100 | 0 | |a Taylor, Gordon Rattray |e author |9 371140 | |
| 245 | 1 | 4 | |a The biological time bomb |
| 300 | |a 240 p | ||
| 942 | |c BK | ||
| 945 | |d 19961004 00:00:00 |a paguirre | ||
| 260 | |a Cleveland |b The New American Library |c 1968 | ||
| 260 | |a Cleveland |b The World Publishing Company |c 1968 | ||
| 650 | 0 | |a Biología |9 262022 | |
| 650 | 0 | |a Inseminación artificial |9 338967 | |
| 650 | 0 | |a Genética |9 259443 | |
| 650 | 0 | |a Genética humana |9 269609 | |
| 650 | 7 | |a BIOLOGOS |2 CL-VaPUC |9 344469 | |
| 650 | 0 | |a Herencia |9 256325 | |
| 650 | 0 | |a Investigación |9 257811 | |
| 583 | |a last modification |c 20171218 02:44:12 |k Rodrigo Vera | ||
| 999 | |c 252345 |d 252343 | ||
| 952 | |0 0 |1 0 |4 0 |6 599_935000000000000_TAY_1968_1968 |7 0 |8 A |9 272153 |a BIBCUR |b BIBCUR |d 2019-11-19 |i 1757636 |o 599.935 TAY 1968 1968 |p 1757636 |r 2025-04-22 |w 2019-11-19 |y BK |k BCB | ||